000 00933nam a22002417a 4500
003 OSt
005 20251023074449.0
008 251023b |||||||| |||| 00| 0 eng d
020 _a978-1-59698-566-7
040 _aDWC-Main Lib.
_cOC
082 _aCirc. 973.932092 F852c 2008
100 _aFREDDOSO, DAVID
245 _aThe case against Barack Obama :
_bthe unlikely rise and unexamined agenda of the media's favorite candidate/
_cFREDDOSO, DAVID
260 _aWashington, D.C. :
_bRegnery Publishing,
_cc2008.
300 _axiv, 290 pages ;
_c23 cm.
504 _aIndex: pp. 281-290
650 _a1. Obama, Barack.
650 _a2. United States. Congress. Senate--Biography.
650 _a3. Legislators--United States--Biography.
650 _a4. Presidential candidates--Unied States--History--21st century.
650 _a5. Presidents--United States--Election 2008.
942 _2ddc
_cBK-CIRC
_hCirc.
_n0
999 _c5064
_d5064